In 6 Languages: Vehicles Quiz Stats

 Plays Quiz not verified by Sporcle

Score 0/10 Timer 05:00
0 Plays Today
% Correct
Plane
84.9%
Car
81.9%
Subway
77.8%
Boat
73%
Bicycle
63.3%
Scooter
57.6%
Carriage
54.2%
Train
47%
Tram
35.8%
Ferry
33%

You're not logged in!

Compare scores with friends on all Sporcle quizzes.
OR
Log In

Show Comments

Extras

Top Quizzes Today


Score Distribution

Your Account Isn't Verified!

In order to create a playlist on Sporcle, you need to verify the email address you used during registration. Go to your Sporcle Settings to finish the process.

Report this User

Report this user for behavior that violates our Community Guidelines.

Details: